NLSUI OPAC header image

Implication of e-commerce on banking law (Record no. 217472)

MARC details
000 -LEADER
fixed length control field 01089nam a2200145Ia 4500
005 - DATE AND TIME OF LATEST TRANSACTION
control field 20260209120144.0
008 - FIXED-LENGTH DATA ELEMENTS--GENERAL INFORMATION
fixed length control field 260209s9999||||xx |||||||||||||| ||und||
100 ## - MAIN ENTRY--PERSONAL NAME
Personal name Shivani Tiwari
245 #0 - TITLE STATEMENT
Title Implication of e-commerce on banking law
260 ## - PUBLICATION, DISTRIBUTION, ETC.
Place of publication, distribution, etc. BangaloreBangalore
Name of publisher, distributor, etc. NLSIU
Date of publication, distribution, etc. 2020
300 ## - PHYSICAL DESCRIPTION
Extent 66 p. ; 25 cm.
505 ## - FORMATTED CONTENTS NOTE
Formatted contents note CONTENTS 1- Chapter 1- Introduction and Research Methodology; 2- Chapter 2- Concept of E-commerce and its salient features; 3- Chapter 3- Impact of E-commerce on Banking Sector; 4- Chapter 4- E-commerce in Banking Sector: E-banking; 5- Chapter 5- Evolution of E-banking in India; 6- Chapter 6- Forms of products and services through e-banking operations; 7- Chapter 7- Challenges/risks in E-banking operations; 8- Chapter 8- Implication of E-commerce in existing banking and information & technology law; 9- Chapter 9-Efforts taken by Reserve Bank of India; 10- Chapter 10- Recommendations; 11- Conclusion; 12- References; 13- Annexure.
700 ## - ADDED ENTRY--PERSONAL NAME
Personal name Dr. Nagarathna A - GuideDr. Nagarathna A - Guide
856 ## - ELECTRONIC LOCATION AND ACCESS
Uniform Resource Identifier <a href="https://dans.nls.ac.in/handle/123456789/421">https://dans.nls.ac.in/handle/123456789/421</a>
Holdings
Withdrawn status Lost status Damaged status Not for loan Home library Current library Date acquired Total Checkouts Barcode Date last seen Price effective from Koha item type
        . . 09.02.2026   LLM837 09.02.2026 09.02.2026 Dissertation